Anthropological reflections on missiological issues / (Record no. 116)

MARC details
000 -LEADER
fixed length control field 00980cam a2200277 a 4500
001 - CONTROL NUMBER
control field 652911
003 - CONTROL NUMBER IDENTIFIER
control field GBCCL
005 - DATE AND TIME OF LATEST TRANSACTION
control field 20241126110330.0
008 - FIXED-LENGTH DATA ELEMENTS--GENERAL INFORMATION
fixed length control field 940701s1994 miua b 001 0 eng
010 ## -
-- 94022638
020 ## - INTERNATIONAL STANDARD BOOK NUMBER
International Standard Book Number 0801043948
040 ## - CATALOGING SOURCE
Original cataloging agency DLC
Transcribing agency DLC
Modifying agency DLC
050 00 -
-- BV2063
-- .H46 1994
082 00 - DEWEY DECIMAL CLASSIFICATION NUMBER
Classification number 266.001
Edition information 20
Item number HIE
100 1# - MAIN ENTRY--PERSONAL NAME
Personal name Hiebert, Paul G.,
Dates associated with a name 1932-
9 (RLIN) 2217
245 10 - TITLE STATEMENT
Title Anthropological reflections on missiological issues /
Statement of responsibility, etc. Paul G. Hiebert.
260 ## - PUBLICATION, DISTRIBUTION, ETC.
Place of publication, distribution, etc. Grand Rapids, Mich. :
Name of publisher, distributor, etc. Baker Books,
Date of publication, distribution, etc. c1994, 2001
300 ## - PHYSICAL DESCRIPTION
Extent 272 p. :
Other physical details ill. ;
Dimensions 23 cm.
504 ## - BIBLIOGRAPHY, ETC. NOTE
Bibliography, etc. note Includes bibliographical references (p. 255-261) and index.
650 #0 - SUBJECT ADDED ENTRY--TOPICAL TERM
Topical term or geographic name entry element Missions
General subdivision Theory.
9 (RLIN) 48
650 #0 - SUBJECT ADDED ENTRY--TOPICAL TERM
Topical term or geographic name entry element Missions
General subdivision Anthropological aspects.
9 (RLIN) 2221
650 #0 - SUBJECT ADDED ENTRY--TOPICAL TERM
Topical term or geographic name entry element Christianity and culture.
9 (RLIN) 886
906 ## - LOCAL DATA ELEMENT F, LDF (RLIN)
a 7
b cbc
c orignew
d 1
e ocip
f 19
g y-gencatlg
942 ## - ADDED ENTRY ELEMENTS (KOHA)
Source of classification or shelving scheme Dewey Decimal Classification
Koha item type Books
Koha issues (borrowed), all copies 7
Holdings
Withdrawn status Lost status Source of classification or shelving scheme Damaged status Not for loan Collection Home library Current Library Shelving location Date acquired Total checkouts Total renewals Full call number Barcode Date last seen Date last checked out Copy number Price effective from Koha item type
    Dewey Decimal Classification     Missions GRACE BIBLE COLLEGE GRACE BIBLE COLLEGE Ministry & Mission 2016-05-26 4 2 266.001 HIE 010327 2025-05-01 2023-10-19 c.1 2016-05-26 Books
    Dewey Decimal Classification     Missions GRACE BIBLE COLLEGE GRACE BIBLE COLLEGE Ministry & Mission 2016-05-26     266.001 HIE 010328 2025-05-01   c.2 2016-05-26 Books
    Dewey Decimal Classification     Missions GRACE BIBLE COLLEGE GRACE BIBLE COLLEGE Ministry & Mission 2016-05-26 4   266.001 HIE 010261 2025-09-25 2025-09-23 c.3 2016-05-26 Books
© Grace Bible College Library 2025